01678cam a2200373 i 450000100090000000300090000900500170001800800410003502000150007602000180009103500230010904000570013208200230018911100980021224502580031026400360056826400100060430000450061433600260065933700280068533800270071349000590074050000390079950400510083865000540088965000370094365000610098065500170104170000370105870000460109594200120114199900170115395201340117015096754EG-ScBUE20260426091305.0071129t1998 ne a f b 101 0 eng d a0750308672 a9780750308670 a(OCoLC)ocm50729796 aTEFbengerdacTEFdUKMdBAKERdYDXCPdDLCdEG-ScBUE04a539.72167222bHEA2 aScottish Universities Summer School in Physicsn(55th :d2001 :cSt. Andrews, Scotland)9723110aHeavy flavour physics :btheory and experimental results in heavy quark physics and CP violation : proceedings of the Fifty-Fifth Scottish Universities Summer School in Physics, St. Andrews, 7 August - 23 August 1998/cedited by C. Davies, S.M. Playfer. 1aAmsterdam :bIOS Press,c[1998] 4cc1998 axi, 393 pages :billustrations ;c24 cm. 2rdacontentatextbtxt aunmediated2rdamediabn avolumebnc2rdacarrier0 aInstitute of Physics Scottish graduate textbook series a"A NATO Advanced Study Institute." aIncludes bibliographical references and index. 7aQuantum flavor dynamicsvCongresses.2BUEsh97232 7aQuarksvCongresses.2BUEsh97233 7aCP violation (Nuclear physics)vCongresses.2BUEsh97234 vReading book1 aDavies, C. T. H.,eeditor.972351 aPlayfer, S. M.q(Steve M.)eeditor.97236 2ddccBB c12117d12117 00102ddc40708AlahramaMAINbMAINc1STd2009-06-30ePurchaseg710.60h72l0o539.72167 HEAp000016704r2025-07-15 00:00:00yBB